Nowelizacja prawa celnego. Ustawa o zmianie ustawy - Prawo celne.

Nové poľské colné právo platné od 1. januára 1990 a vypracované podľa potrieb trhu. Charakteristika nových colných predpisov. Znenie zákona zo dňa 20. júla 1991 o zmene poľského colného zákona.

Enregistré dans:
Détails bibliographiques
Format: Chapitre de livre
Langue:polonais
Sujets:
Tags: Ajouter un tag
Pas de tags, Soyez le premier à ajouter un tag!

MARC

LEADER 00000naa a2200000 4500
001 r006641
005 20221125123139.2
041 0 |a pol 
044 |a PL 
245 1 0 |a Nowelizacja prawa celnego. Ustawa o zmianie ustawy - Prawo celne. 
520 |a Nové poľské colné právo platné od 1. januára 1990 a vypracované podľa potrieb trhu. Charakteristika nových colných predpisov. Znenie zákona zo dňa 20. júla 1991 o zmene poľského colného zákona. 
610 2 0 |a právo hospodárske 
610 2 0 |a PR 
610 2 0 |a 1990 
610 2 0 |a clá 
610 2 0 |a zákony 
610 2 0 |a 1991